| 000 | 00699nam a22002177a 4500 | ||
|---|---|---|---|
| 005 | 20150724160143.0 | ||
| 008 | 140714b xxu||||| |||| 00| 0 Urdu d | ||
| 010 | _aUR-9231 | ||
| 020 | q | _c160.00 | |
| 035 | _aU-7786 | ||
| 037 | _bDBAD/Pub. | ||
| 040 |
_aDPL _bUrdu |
||
| 082 | _a 808.88 | ||
| 100 | _aصد يقی نز ير | ||
| 245 |
_aآ ر د و ا د ب کے تد ر يسی د ر يچے _cصد يقی نز ير |
||
| 246 |
_aUrdu Adab ke Tadrisi Dariche _bBy Nazeer Siddiqui |
||
| 260 |
_aNew Delhi _c2009 _bMaktaba Jamia Ltd. |
||
| 270 |
_aJamia Nagar ,Bhopal Ground, _bNew Delhi _e110025 _k - |
||
| 300 |
_a116ص _c22Cm (Hb) |
||
| 942 |
_2ddc _cUR _e _h 808.88 _mص د ی |
||
| 999 |
_c95217 _d95217 |
||